[Event "Voskresensk"]
[Site "Voskresensk"]
[Date "1990.??.??"]
[Round "?"]
[White "Ulibin, Mikhail"]
[Black "Vasiukov, Evgeni"]
[Result "1-0"]
[WhiteElo "2500"]
[BlackElo "2545"]
[PlyCount "73"]
[EventDate "1990.07.??"]
[Source "ChessBase"]

1. e4 c5 2. Nf3 e6 3. d4 cxd4 4. Nxd4 a6 5. Bd3 g6 6. O-O Bg7 7. Be3 Nf6 8. c4 O-O 9. Nc3 d6 10. Re1 b6 11. Bf1 Bb7 12. f3 Nbd7 13. Qd2 Rc8 14. Rac1 Ne8 15. Qf2 g5 16. b4 g4 17. f4 Nef6 18. Bd3 Re8 19. Red1 Ba8 20. Nb3 Qe7 21. a3 a5 22. Nd4 axb4 23. axb4 d5 24. e5 Ne4 25. Bxe4 dxe4 26. Ndb5 Rxc4 27. Nd6 Rxb4 28. Nxe8 Qxe8 29. Qd2 Nf8 30. Nd5 Rb3 31. Rc8 Qa4 32. Nxb6 Rxb6 33. Bxb6 Bd5 34. f5 Bh6 35. Qxh6 Qxd1+ 36. Kf2 e3+ 37. Bxe3 1-0

[Event "Buenos Aires ARG"]
[Site "Buenos Aires ARG"]
[Date "1980.??.??"]
[Round "?"]
[White "Kavalek, Lubomir"]
[Black "Olafsson, Helgi"]
[Result "1-0"]
[WhiteElo "2600"]
[BlackElo "2445"]
[PlyCount "113"]
[EventDate "1980.??.??"]
[Source "www.chesslib.no"]
[SourceDate "2004.05.04"]

1. e4 e6 2. d4 c5 3. Nf3 cxd4 4. Nxd4 a6 5. Bd3 g6 6. Be3 Bg7 7. Nc3 Ne7 8. Qd2 d5 9. exd5 Nxd5 10. Bg5 Qd6 11. Nde2 h6 12. Bh4 Nc6 13. Bg3 Qd8 14. Nxd5 Qxd5 15. Nc3 Qd4 16. O-O O-O 17. Bf4 Kh7 18. Be3 Qh4 19. f4 Rd8 20. Bb6 Rf8 21. Rae1 f5 22. Bc4 e5 23. Nd5 Be6 24. g3 Qh3 25. fxe5 Nxe5 26. Rxe5 Bxe5 27. Re1 f4 28. Rxe5 fxg3 29. Qg2 gxh2+ 30. Kh1 Qxg2+ 31. Kxg2 Rac8 32. Bb3 Rc6 33. Bd4 Rf5 34. Rxf5 gxf5 35. c3 Rd6 36. Nf4 Bxb3 37. axb3 Rd7 38. Kxh2 Re7 39. b4 Re1 40. Kg3 Rb1 41. Nd3 Kg6 42. Nc5 Rxb2 43. Nxb7 Ra2 44. c4 Ra3+ 45. Kf4 Rb3 46. b5 axb5 47. c5 Rb4 48. Ke5 Rc4 49. Nd6 Rc1 50. Nxb5 Kf7 51. Kd6 f4 52. c6 f3 53. c7 h5 54. Nc3 Rxc3 55. Bxc3 f2 56. c8=Q f1=Q 57. Qe6+ 1-0

[Event "Dos Hermanas on line Qualifier"]
[Site "Internet ICC"]
[Date "2000.03.18"]
[Round "2.2"]
[White "Socko, Bartosz"]
[Black "Pavlovic, Milos"]
[Result "1-0"]
[WhiteElo "2556"]
[BlackElo "2481"]
[PlyCount "75"]
[EventDate "2000.03.18"]
[Source "www.chesslib.no"]
[SourceDate "2004.05.04"]

1. e4 c5 2. Nf3 e6 3. d4 cxd4 4. Nxd4 a6 5. Bd3 g6 6. O-O Bg7 7. Be3 Ne7 8. Nc3 O-O 9. Qd2 Nbc6 10. Nxc6 bxc6 11. Bh6 Bxh6 12. Qxh6 f5 13. e5 c5 14. Rad1 Qc7 15. f4 Bb7 16. Bc4 Nc6 17. Ne2 Na5 18. b3 Nxc4 19. bxc4 Rab8 20. h4 Rf7 21. Ng3 Bc6 22. Rf2 Rb4 23. h5 Rg7 24. hxg6 hxg6 25. Nf1 Rxc4 26. g3 Rd4 27. Rb1 Rb4 28. Rd1 Rd4 29. Re1 Bb7 30. Rh2 Qc6 31. Qg5 c4 32. Qd8+ Kf7 33. Ree2 Qc8 34. Qf6+ Kg8 35. Rh6 Rd1 36. Rf2 Qc6 37. Rh8+ Kxh8 38. Qf8+ 1-0

[Event "Tanta op"]
[Site "Tanta City"]
[Date "2002.05.16"]
[Round "4"]
[White "De Vreugt, Dennis"]
[Black "Kengis, Edvins"]
[Result "1/2-1/2"]
[WhiteElo "2457"]
[BlackElo "2577"]
[PlyCount "63"]
[EventDate "2002.05.13"]
[Source "ChessBase"]
[SourceDate "2002.07.08"]

1. e4 c5 2. Nf3 e6 3. d4 cxd4 4. Nxd4 a6 5. Bd3 g6 6. c4 Bg7 7. Nb3 Nc6 8. Nc3 Nge7 9. O-O O-O 10. Be2 b6 11. Bf4 f5 12. Qd2 fxe4 13. Bd6 e3 14. fxe3 Rxf1+ 15. Rxf1 Nf5 16. Bg4 Nxd6 17. Qxd6 Bb7 18. Rd1 Qh4 19. Qf4 g5 20. Qe4 Na5 21. g3 Qh6 22. Qd3 Nxb3 23. axb3 Bc6 24. Rf1 Be5 25. Bf3 Bxf3 26. Rxf3 g4 27. Qe4 gxf3 28. Qxa8+ Kg7 29. Qxf3 Qg6 30. Qd1 d6 31. Qd2 h5 32. Kf2 1/2-1/2

[Event "Tanta 86/148"]
[Site "?"]
[Date "2002.??.??"]
[Round "?"]
[White "Vuckovic, Bo"]
[Black "Kengis, E."]
[Result "1/2-1/2"]
[WhiteElo "2456"]
[BlackElo "2577"]
[PlyCount "53"]
[EventDate "2002.??.??"]
[Source "Chess Informant"]
[SourceDate "2002.10.01"]

1. e4 c5 2. Nf3 e6 3. d4 cxd4 4. Nxd4 a6 5. Bd3 g6 6. b3 Bg7 7. Bb2 Nf6 8. O-O d6 9. Nd2 O-O 10. a4 Nbd7 11. Re1 Nc5 12. Bf1 e5 13. N4f3 Bd7 14. Ba3 Qc7 15. a5 Bc6 16. Nxe5 Bxe4 17. Nec4 d5 18. Nb6 Rad8 19. Nxe4 Ncxe4 20. f3 Nc3 21. Qd2 Rfe8 22. Rxe8+ Rxe8 23. Re1 Re6 24. Bb4 Na2 25. Ba3 Nc3 26. Bb4 Na2 27. Ba3 1/2-1/2

[Event "Russia (ch)"]
[Site "?"]
[Date "1996.??.??"]
[Round "?"]
[White "Yemelin, V."]
[Black "Landa, K."]
[Result "1-0"]
[WhiteElo "2460"]
[BlackElo "2570"]
[PlyCount "121"]
[EventDate "1996.??.??"]
[Source "ChessBase"]
[SourceDate "1996.10.01"]

1. e4 c5 2. Nf3 e6 3. d4 cxd4 4. Nxd4 a6 5. Bd3 g6 6. O-O Bg7 7. Nf3 Nc6 8. Nc3 d5 9. exd5 exd5 10. Bg5 Nge7 11. Qd2 O-O 12. Rfe1 Re8 13. h3 Be6 14. Ne2 d4 15. Nf4 Bd5 16. Nxd5 Qxd5 17. Be4 Qc5 18. Re2 Nf5 19. Rae1 Nd6 20. Bxc6 Rxe2 21. Rxe2 bxc6 22. Be7 Qd5 23. Bxd6 Qxd6 24. Qd3 Rb8 25. b3 Qa3 26. Qc4 Rf8 27. g3 Qxa2 28. Re7 Qa5 29. Qxc6 Qa3 30. Rd7 a5 31. Kg2 a4 32. bxa4 Qc3 33. Rc7 Qa5 34. Qc4 h6 35. h4 Qa8 36. Qc6 Qa5 37. Rc8 g5 38. hxg5 hxg5 39. Rxf8+ Kxf8 40. Qc4 Qa8 41. g4 Bf6 42. Qb5 Qc8 43. Qf5 Qc6 44. Kg1 Ke8 45. a5 Kd8 46. Nxg5 Bxg5 47. Qxg5+ f6 48. Qf4 Ke7 49. Qxd4 Qxc2 50. a6 Qc1+ 51. Kh2 Qc7+ 52. Kg1 Qc1+ 53. Kh2 Qc7+ 54. Kh3 Qc6 55. a7 Kf7 56. Kg3 Qc7+ 57. Kg2 Qc6+ 58. f3 Qc2+ 59. Kh3 Qa2 60. Qd7+ Kg6 61. Qe8+ 1-0

[Event "Dubai"]
[Site "?"]
[Date "2000.??.??"]
[Round "?"]
[White "Ermenkov, E."]
[Black "Kotsur, P."]
[Result "1-0"]
[WhiteElo "2445"]
[BlackElo "2585"]
[PlyCount "87"]
[EventDate "2000.??.??"]
[Source "Chess Informant"]
[SourceDate "2000.02.01"]

1. e4 c5 2. Nf3 e6 3. d4 cxd4 4. Nxd4 a6 5. Bd3 g6 6. c4 Bg7 7. Nb3 Ne7 8. Nc3 Nbc6 9. O-O O-O 10. Be2 f5 11. c5 fxe4 12. Nxe4 b6 13. Nd6 bxc5 14. Nxc5 Nd4 15. Bd3 Qc7 16. Nce4 Be5 17. Be3 Ndf5 18. Rc1 Nc6 19. Nxf5 exf5 20. f4 Bg7 21. Nd6 h6 22. g4 Kh8 23. Bb1 a5 24. Rf2 Ba6 25. gxf5 Rf6 26. Ne4 Rxf5 27. Ng3 Rf6 28. Qg4 Re6 29. f5 Rxe3 30. f6 Ne5 31. fxg7+ Kxg7 32. Nf5+ Kh8 33. Qd1 Qb6 34. Nxe3 Qxe3 35. Rc3 Qa7 36. Qd6 Ng4 37. Rc5 Re8 38. Rf8+ Rxf8 39. Qxf8+ Kh7 40. Qf7+ Kh8 41. Qe8+ Kg7 42. Qxg6+ Kf8 43. Qd6+ Kf7 44. Qc7 1-0

[Event "Golden Cleopatra"]
[Site "Cairo"]
[Date "2003.06.07"]
[Round "6"]
[White "Abdelnnabi, Imed"]
[Black "Kengis, Edvins"]
[Result "0-1"]
[WhiteElo "2446"]
[BlackElo "2581"]
[PlyCount "66"]
[EventDate "2003.06.03"]
[Source "Roberto Alvarez"]
[SourceDate "2003.06.30"]

1. e4 c5 2. Nf3 e6 3. d4 cxd4 4. Nxd4 a6 5. Bd3 g6 6. c4 Bg7 7. Ne2 Nc6 8. Nbc3 Nf6 9. O-O O-O 10. Bc2 b5 11. Be3 bxc4 12. Na4 d6 13. Bb6 Qe7 14. f4 Rb8 15. Kh1 Nb4 16. Bd4 Bb7 17. Nec3 Bc6 18. Bb1 Qb7 19. Re1 e5 20. fxe5 dxe5 21. Bxe5 Ng4 22. Bg3 h5 23. Qe2 Be5 24. Nc5 Qe7 25. Bf2 Rbd8 26. Bg1 Bxh2 27. Bxh2 Qxc5 28. Bg3 Nd3 29. Rf1 Rfe8 30. Bxd3 Rxd3 31. Rf3 Qd4 32. Re1 f5 33. Rxd3 cxd3 0-1